The Silver Chair / (Record no. 266212)
[ view plain ]
| 000 -LEADER | |
|---|---|
| fixed length control field | 00215nam a22000977a 4500 |
| 020 ## - INTERNATIONAL STANDARD BOOK NUMBER | |
| ISBN | 0027587703 |
| 100 ## - MAIN ENTRY--AUTHOR NAME | |
| Personal name | C. S. Lewis |
| 245 ## - TITLE STATEMENT | |
| Title | The Silver Chair / |
| 260 ## - PUBLICATION, DISTRIBUTION, ETC. (IMPRINT) | |
| Place of publication | London |
| Name of publisher | Geoffrey Bles |
| Year of publication | 1953. |
| 942 ## - ADDED ENTRY ELEMENTS (KOHA) | |
| Koha item type | Long Loan Books |
| Withdrawn status | Lost status | Collection code | Home library | Current library | Shelving location | Date acquired | Accession Number | Koha item type |
|---|---|---|---|---|---|---|---|---|
| Fiction | Rongo University Library | Rongo University Library | Children's Area | 20/04/2026 | CL20250238 | Long Loan Books |
